APEC Schools

The Next generation leader / (Record no. 8196)

000 -LEADER
fixed length control field nam a22 7a 4500
005 - DATE AND TIME OF LATEST TRANSACTION
control field 20191001070618.0
008 - FIXED-LENGTH DATA ELEMENTS--GENERAL INFORMATION
fixed length control field 191001b xxu||||| |||| 00| 0 eng d
020 ## - IDENTIFIER FOR THE MANIFESTATION
Identifier for the Manifestation 4806523172851
Binding paperback
040 ## - CATALOGING SOURCE
Language of Cataloging eng
Transcribing Agency APEC Schools Library
Description Conventions rda
082 ## - DEWEY DECIMAL CLASSIFICATION NUMBER
Classification number C 253
Author's Number St787n 2003
100 ## - CREATOR
Preferred Name of the Person Stanley, Andy
245 ## - TITLE AND STATEMENT OF RESPONSIBILITY
Preferred Title Proper The Next generation leader /
Statement of Responsibility/Parallel Statement of Responsibility Andy Stanley
264 ## - PUBLICATION STATEMENT
Place of publication, distribution, etc Makati City :
Publisher's Name/Parallel Publisher's Name Church Strengthening Ministry,
Copyright ©2003.
300 ## - PHYSICAL DESCRIPTION
Extent 211 pages ;
336 ## - RDA CONTENT
Source rdacontent
Content Type text
337 ## - RDA MEDIA
Source rdamedia
Media Type unmediated
338 ## - RDA CARRIER
Source rdacarrier
Carrier Type volume
650 ## - ADDED SUBJECT ACCESS POINT - TOPICAL TERM
Topical Term Christian leadership.
942 ## - ADDED ENTRY ELEMENTS (KOHA)
Source of Classification
Koha Item Type Non Fiction
Holdings
Library Site Location Shelving Location Source of Acquisition Full Classification Number Accession Number Koha Item Type
APEC Bacoor Library APEC Bacoor Library Circulation Institutional Fund C 253 St787n 2003 B04-0000448 Non Fiction
APEC C. Raymundo Library APEC C. Raymundo Library Circulation Institutional Fund C 253 St787n 2003 A07-0000336 Non Fiction
APEC Calumpang Library APEC Calumpang Library Circulation Institutional Fund C 253 St787n 2003 B10-0000413 Non Fiction
APEC Dasmarinas Library APEC Dasmarinas Library Circulation Institutional Fund C 253 St787n 2003 B03-0000424 Non Fiction
APEC Doña Juana Library APEC Doña Juana Library Circulation Institutional Fund C 253 St787n 2003 A02-0000183 Non Fiction
APEC España Library APEC España Library Circulation Institutional Fund C 253 St787n 2003 B11-0000310 Non Fiction
APEC Grace Park West Library APEC Grace Park West Library Circulation Institutional Fund C 253 St787n 2003 A09-0000369 Non Fiction
APEC Grace Park West Library APEC Grace Park West Library Circulation Institutional Fund C 253 St787n 2003 A09-0000370 Non Fiction
APEC JRU Lipa Library APEC JRU Lipa Library Circulation Institutional Fund C 253 St787n 2003 B12-0000452 Non Fiction
APEC Las Piñas Library APEC Las Piñas Library Circulation Institutional Fund C 253 St787n 2003 C01-0000358 Non Fiction
APEC Concepcion Dos Library APEC Marikina Heights Library Circulation Institutional Fund C 253 St787n 2003 C02-0000319 Non Fiction
APEC Muntinlupa Library APEC Muntinlupa Library Circulation Institutional Fund C 253 St787n 2003 B01-0000334 Non Fiction
APEC New Manila Library APEC New Manila Library Circulation Institutional Fund C 253 St787n 2003 C03-0000325 Non Fiction
APEC North Fairview Library APEC North Fairview Library Circulation Institutional Fund C 253 St787n 2003 A04-0000321 Non Fiction
APEC Ortigas Extension, Cainta Library APEC Ortigas Extension, Cainta Library Circulation Institutional Fund C 253 St787n 2003 B09-0000350 Non Fiction
APEC Roxas Boulevard Library APEC Roxas Boulevard Library Circulation Institutional Fund C 253 St787n 2003 B06-0000314 Non Fiction
APEC San Pablo, Laguna Library APEC San Pablo, Laguna Library Circulation Institutional Fund C 253 St787n 2003 D01-0000129 Non Fiction
APEC Silangan, Pateros Library APEC Silangan, Pateros Library Circulation Institutional Fund C 253 St787n 2003 B07-0000411 Non Fiction
APEC Sta. Rita Library APEC Sta. Rita Library Circulation Institutional Fund C 253 St787n 2003 B02-0000418 Non Fiction
APEC Taytay Library APEC Taytay Library Circulation Institutional Fund C 253 St787n 2003 B08-0000335 Non Fiction
APEC Tondo Library APEC Tondo Library Circulation Institutional Fund C 253 St787n 2003 A10-0000328 Non Fiction
APEC V. Luna Library APEC V. Luna Library Circulation Institutional Fund C 253 St787n 2003 A01-0000359 Non Fiction

Powered by Koha